| 000 | 01018nam a2200265 i 4500 | ||
|---|---|---|---|
| 001 | bg | ||
| 100 | 1 | _aKNAPIK, Krzysztof | |
| 245 | 1 | 0 |
_aZastosowanie techniki komputerowej w obliczaniu systemów zaopatrzenia w wodę i usuwania ścieków / _cKrzysztof Knapik ; Politechnika Krakowska im. Tadeusza Kościuszki. |
| 250 | _aWyd. 2 poszerz. | ||
| 260 |
_aKraków : _bPK, _c1998. |
||
| 300 |
_a225 s. : _brys., wykr. ; _c24 cm. |
||
| 504 | _aBibliogr. s. 219-225. | ||
| 521 | _aSkrypt dla studentów szkół wyższych technicznych do przedmiotu Metody komputerowe w zaopatrzeniu w wodę i usuwaniu ścieków. | ||
| 650 | 9 |
_aŚcieki _xtechnologia _xprojekty _xautomatyzacja |
|
| 650 | 9 |
_aWodociągi _xprojekty _xautomatyzacja |
|
| 655 | _aPodręczniki akademickie | ||
| 710 | 0 | _aPolitechnika Krakowska im. Tadeusza Kościuszki | |
| 020 | _a8390387816 | ||
| 040 | _cBPK | ||
| 041 | 0 | _apl | |
| 080 | _a628.1/.3:004](075.8) | ||
| 920 | _a83-903878-1-6 | ||
| 942 | _cKS | ||
| 008 | s pl f |000 0 pol | ||
| 999 |
_c37873 _d37873 |
||
| 856 |
_uhttp://koha.tu.koszalin.pl/cgi-bin/koha/opac-detail.pl?biblionumber=37873 _yKatalog online BPK |
||